Naruto Opening Songs - Statistics

General Stats
  • This quiz has been taken 601 times
  • The average score is 7 of 21
Answer Stats
Hint Answer % Correct
Shippuden Op 3 Blue Bird
84%
Naruto Op 4 GO!
51%
Shippuden Op 1 Hero's Comeback
49%
Shippuden Op 6 Sign
46%
Shippuden Op 4 Closer
41%
Naruto Op 1 ROCKS
41%
Shippuden Op 2 Distance
38%
Shippuden Op 8 Diver
37%
Shippuden Op 9 Lovers
36%
Naruto Op 2 Haruka Kanata
33%
Naruto Op 3 Kanashimi Wo Yasashisa Ni
28%
Naruto Op 9 Yura Yura
26%
Naruto Op 6 No Boy No Cry
23%
Shippuden Op 10 Newsong
21%
Naruto Op 8 Re:member
21%
Shippuden Op 5 Hotaru no Hikari
19%
Shippuden Op 12 Moshimo
18%
Naruto Op 5 Seishun Kyosokyoku
16%
Shippuden Op 11 Totsugeki Rock
14%
Naruto Op 7 Namikaze Satellite
13%
Shippuden Op 7 Tomei Datta Sekai
9%
No matching quizzes found
Score Distribution
Percent of People with Each Score
Percentile by Number Answered
Your Score History
You have not taken this quiz